Obchodní zákoník se zapracovanou důvodovu zprávou

Saved in:
Bibliographic Details
Format: Book
Language:Czech
Published: Brno Petrov 1991
Edition:1. vyd.
Subjects:
Tags: Add Tag
No Tags, Be the first to tag this record!

MARC

LEADER 00000nam a2200000 4500
001 c000932
005 20221214094409.3
041 0 |a cze 
044 |a CZ 
245 1 0 |a Obchodní zákoník se zapracovanou důvodovu zprávou 
250 |a 1. vyd. 
264 1 |a Brno  |b Petrov  |c 1991 
300 |a 255 s. 
610 2 0 |a právo obchodné 
610 2 0 |a ČSFR 
610 2 0 |a spoločnosti obchodné 
610 2 0 |a družstvá 
610 2 0 |a záväzky 
610 2 0 |a obchod 
610 2 0 |a obchod medzinárodný 
610 2 0 |a zmluvy obchodné 
610 2 0 |a zmluvy kúpne 
610 2 0 |a podnikanie súkromné 
610 2 0 |a zákonník obchodný